[Event "PRO League Group Stage"]
[Site "chess.com INT"]
[Date "2020.02.12"]
[Round "6"]
[White "Narayanan, S.L."]
[Black "Andreikin, Dmitry"]
[Result "1/2-1/2"]
[WhiteTitle "GM"]
[BlackTitle "GM"]
[WhiteElo "2637"]
[BlackElo "2726"]
[WhiteTeam "India Yogis"]
[BlackTeam "Russia Wizards"]
[WhiteFideId "5058422"]
[BlackFideId "4158814"]
[EventDate "2020.01.06"]

1. Nf3 Nf6 2. c4 e6 3. Nc3 d5 4. e3 Be7 5. b3 b6 6. Bb2 Bb7 7. g3 d4 8. exd4 Nc6
9. Bg2 Nxd4 10. O-O Bxf3 11. Bxf3 c6 12. Bg2 Rc8 13. Ne2 Bc5 14. Nf4 O-O 15. Nd3
Be7 16. b4 c5 17. b5 Ne8 18. Ne5 Bf6 19. f4 Nd6 20. Bxd4 cxd4 21. Nc6 Qc7 22.
Rc1 Nb7 23. f5 e5 24. Qh5 Nc5 25. Bd5 e4 26. Rce1 Rce8 27. Kg2 e3 28. dxe3 Rxe3
29. Rxe3 dxe3 30. Re1 Re8 31. Re2 Nd3 32. Qf3 Qd6 33. Be4 Nc5 34. Rxe3 Nxe4 35.
Rxe4 Qd2+ 36. Kh3 Qh6+ 37. Kg2 Qd2+ 38. Kf1 Qc1+ 39. Kf2 Qc2+ 40. Re2 Rxe2+ 41.
Qxe2 Qxf5+ 42. Kg2 h5 43. h4 Qd7 44. a4 g6 45. a5 bxa5 46. Nxa5 Kg7 47. Nc6 a6
48. Qe4 a5 49. Qd5 Qxd5+ 50. cxd5 a4 51. b6 a3 52. b7 a2 53. b8=Q a1=Q 54. Qb5
Qd1 55. Qc4 Qd2+ 56. Kf3 Qd1+ 57. Kg2 Kg8 58. Qe4 Qd2+ 59. Kf3 Kg7 60. Qc4 Qh2
61. Qe4 Qh1+ 62. Ke3 Qe1+ 63. Kf3 Qd1+ 64. Kg2 Qc1 65. Kf3 Qh1+ 66. Ke3 Qf1 67.
Qf3 Qe1+ 68. Kd3 Qc3+ 69. Ke2 Qc2+ 70. Kf1 Qc5 71. Ke2 Qc4+ 72. Qd3 Qg4+ 73. Kd2
Qh3 74. Kc2 Kg8 75. Kb3 Bxh4 76. d6 Qxg3 77. Qxg3 Bxg3 78. d7 Bh4 79. Kc4 f5 80.
Kd4 Bf6+ 81. Ke3 Kf7 82. Kf4 Ke6 83. d8=N+ Bxd8 84. Nxd8+ Kf6 85. Nc6 h4 86. Kf3
g5 87. Nd4 Ke5 88. Nc6+ Kd6 89. Nd4 Ke5 90. Nc6+ Ke6 91. Nd4+ Kf6 92. Nc6 g4+
93. Kf4 h3 94. Kg3 f4+ 95. Kh2 Kf5 96. Ne7+ Ke4 97. Ng6 Kf5 98. Ne7+ Kf6 99.
Nd5+ Kg5 100. Ne7 Kh5 101. Nd5 Kg5 102. Ne7 Kf6 103. Nd5+ Ke5 104. Ne7 Ke4 105.
Ng6 Ke3 106. Ne5 g3+ 107. Kxh3 f3 108. Kxg3 f2 109. Ng4+ Ke2 110. Nxf2 1/2-1/2

[Event "PRO League Group Stage"]
[Site "chess.com INT"]
[Date "2020.02.12"]
[Round "6"]
[White "Demidov, Mikhail"]
[Black "Karthikeyan, Murali"]
[Result "0-1"]
[WhiteTitle "IM"]
[BlackTitle "GM"]
[WhiteElo "2552"]
[BlackElo "2606"]
[WhiteTeam "Russia Wizards"]
[BlackTeam "India Yogis"]
[WhiteFideId "4197143"]
[BlackFideId "5074452"]
[EventDate "2020.01.06"]

1. d4 Nf6 2. Nf3 g6 3. g3 Bg7 4. Bg2 O-O 5. O-O d6 6. b3 c5 7. Bb2 Nc6 8. d5 Na5
9. Re1 e6 10. dxe6 Bxe6 11. e4 Nc6 12. Nbd2 a6 13. h3 Re8 14. Ng5 Qd7 15. Nxe6
Qxe6 16. Nc4 Rad8 17. a4 b5 18. axb5 axb5 19. Nd2 h5 20. Qe2 h4 21. g4 Nd5 22.
Bxg7 Kxg7 23. Nf3 Nc3 24. Qd2 Nxe4 25. Qd3 c4 26. bxc4 bxc4 27. Qe3 Qf6 28. Qb6
d5 29. g5 Qd6 30. Nd4 Nxd4 31. Qxd4+ Kg8 32. Bxe4 dxe4 33. Qxd6 Rxd6 34. Ra4 Rd5
35. Rxc4 Rxg5+ 36. Kf1 Rge5 37. Re3 f5 38. Rb3 Kg7 39. Rc7+ R8e7 40. Rc6 R5e6
41. Rbb6 Kf6 42. c4 Rxc6 43. Rxc6+ Re6 44. Rc8 Ra6 45. c5 Ra1+ 46. Kg2 Kg5 47.
c6 Rc1 48. c7 Rc2 49. Kg1 Kf4 50. Rg8 Rxc7 51. Rxg6 Kf3 52. Rg5 f4 53. Rg4 Rc1+
54. Kh2 Rc2 55. Kg1 Rxf2 56. Rxf4+ Kxf4 57. Kxf2 e3+ 58. Ke2 Ke4 59. Ke1 Kf3 60.
Kf1 Kg3 61. Ke2 Kxh3 62. Kxe3 Kg2 0-1

[Event "PRO League Group Stage"]
[Site "chess.com INT"]
[Date "2020.02.12"]
[Round "6"]
[White "Ponkratov, Pavel"]
[Black "Gupta, Abhijeet"]
[Result "1-0"]
[WhiteTitle "GM"]
[BlackTitle "GM"]
[WhiteElo "2622"]
[BlackElo "2603"]
[WhiteTeam "Russia Wizards"]
[BlackTeam "India Yogis"]
[WhiteFideId "4157800"]
[BlackFideId "5010608"]
[EventDate "2020.01.06"]

1. d3 Nf6 2. e4 e5 3. Nf3 Nc6 4. Be2 g6 5. c4 Bg7 6. Nc3 O-O 7. h3 d6 8. Be3 Re8
9. Qd2 Nd7 10. h4 h5 11. d4 exd4 12. Nxd4 Nde5 13. O-O-O Nxd4 14. Bxd4 c5 15.
Be3 Be6 16. Nd5 Bxd5 17. Qxd5 Nc6 18. Kb1 Qb6 19. Rd2 Re6 20. Qd3 Rae8 21. f3 f5
22. Bg5 fxe4 23. fxe4 Rxe4 24. Bd1 Rd4 25. Qxg6 Rxd2 26. Qxe8+ Kh7 27. Qxh5+ Kg8
28. Qe8+ Kh7 29. Bc2+ Rxc2 30. Qe4+ Kh8 31. Qxc2 Nd4 32. Qf2 d5 33. Qf7 dxc4 34.
Re1 Ne6 35. Bc1 Nf8 36. Qxc4 Qc6 37. h5 Qxg2 38. Qxc5 Qg3 39. Rg1 Qd3+ 40. Ka1 1-0

[Event "PRO League Group Stage"]
[Site "chess.com INT"]
[Date "2020.02.13"]
[Round "6"]
[White "Herrera Reyes, Jose Antonio"]
[Black "Vachier-Lagrave, Maxime"]
[Result "0-1"]
[WhiteTitle "FM"]
[BlackTitle "GM"]
[WhiteElo "2304"]
[BlackElo "2770"]
[WhiteTeam "Spain Raptors"]
[BlackTeam "France Roosters"]
[WhiteFideId "2274914"]
[BlackFideId "623539"]
[EventDate "2020.01.06"]

1. Nf3 d5 2. g3 Nc6 3. Bg2 e5 4. O-O e4 5. Ne1 Nf6 6. d3 Bf5 7. Bg5 Be7 8. c3 h6
9. Be3 O-O 10. f3 exd3 11. Nxd3 Re8 12. Bf2 Qd7 13. Re1 Rad8 14. e3 Bd6 15. Na3
Bxa3 16. bxa3 Bxd3 17. Qxd3 Ne5 18. Qd4 Qc6 19. Rad1 Kh7 20. Qxa7 b6 21. Qa6 Ra8
22. Qe2 Rxa3 23. Qc2+ Kg8 24. e4 dxe4 25. Bd4 Nxf3+ 26. Bxf3 exf3 27. Bxf6 Rxe1+
28. Rxe1 gxf6 29. Qf5 f2+ 30. Kxf2 Rxa2+ 31. Ke3 Qxc3+ 32. Kf4 Rf2+ 0-1

[Event "PRO League Group Stage"]
[Site "chess.com INT"]
[Date "2020.02.13"]
[Round "6"]
[White "Martinez Reyes, Pedro Ramon"]
[Black "Lagarde, Maxime"]
[Result "1/2-1/2"]
[WhiteTitle "FM"]
[BlackTitle "GM"]
[WhiteElo "2407"]
[BlackElo "2651"]
[WhiteTeam "Spain Raptors"]
[BlackTeam "France Roosters"]
[WhiteFideId "3901807"]
[BlackFideId "662399"]
[EventDate "2020.01.06"]

1. e4 c5 2. c3 d6 3. d4 Nf6 4. Bd3 g6 5. dxc5 dxc5 6. Nf3 Bg7 7. O-O O-O 8. Re1
Nc6 9. h3 Qc7 10. Qe2 e5 11. Na3 Nh5 12. Nb5 Qe7 13. Bg5 Bf6 14. Bh6 Bg7 15. Bg5
Bf6 16. Bh6 Rd8 17. Bc4 a6 18. Na3 Bg7 19. Bg5 Bf6 20. Bh6 Be6 21. Bxe6 Qxe6 22.
Nc4 Bg7 23. Bg5 Nf4 24. Bxf4 exf4 25. a4 Rab8 26. a5 h6 27. e5 g5 28. Rad1 Bf8
29. Nfd2 Bg7 30. Nf3 Bf8 31. Nfd2 Bg7 32. Nf3 1/2-1/2

[Event "PRO League Group Stage"]
[Site "chess.com INT"]
[Date "2020.02.13"]
[Round "6"]
[White "Edouard, Romain"]
[Black "Diaz Camallonga, Carles"]
[Result "0-1"]
[WhiteTitle "GM"]
[BlackTitle "IM"]
[WhiteElo "2640"]
[BlackElo "2474"]
[WhiteTeam "France Roosters"]
[BlackTeam "Spain Raptors"]
[WhiteFideId "633429"]
[BlackFideId "22235256"]
[EventDate "2020.01.06"]

1. c4 e6 2. g3 Nf6 3. Bg2 d5 4. Nf3 Be7 5. O-O O-O 6. b3 b6 7. Bb2 Bb7 8. e3 c5
9. Nc3 dxc4 10. bxc4 Nc6 11. Qe2 Rc8 12. d3 Qc7 13. Ne1 Rfd8 14. f4 a6 15. g4
Nb4 16. Bxb7 Qxb7 17. a3 Nc6 18. a4 Nb4 19. h4 Ne8 20. h5 Bf8 21. Rf3 Nxd3 22.
Nxd3 Rxd3 23. h6 Rcd8 24. Rf2 Rd2 25. Qxd2 Rxd2 26. Rxd2 Qf3 27. Re1 Nd6 28.
hxg7 Be7 29. Rf2 Qg3+ 30. Kf1 Bh4 31. Ree2 Qh3+ 32. Rg2 Qh1+ 33. Rg1 Qf3+ 0-1

[Event "PRO League Group Stage"]
[Site "chess.com INT"]
[Date "2020.02.13"]
[Round "6"]
[White "Cornette, Matthieu"]
[Black "Forcen Esteban, Daniel"]
[Result "0-1"]
[WhiteTitle "GM"]
[BlackTitle "GM"]
[WhiteElo "2555"]
[BlackElo "2548"]
[WhiteTeam "France Roosters"]
[BlackTeam "Spain Raptors"]
[WhiteFideId "620084"]
[BlackFideId "2288230"]
[EventDate "2020.01.06"]

1. e4 e5 2. Nf3 Nc6 3. Bb5 g6 4. c3 Bg7 5. d4 exd4 6. cxd4 a6 7. Bxc6 dxc6 8.
Nc3 Ne7 9. h3 O-O 10. O-O Be6 11. Bf4 h6 12. Re1 g5 13. Be5 f6 14. Bg3 Qd7 15.
Qc2 Bf7 16. Rad1 Rfe8 17. Rd2 b5 18. b3 Bh5 19. e5 Nf5 20. exf6 Bxf3 21. Rxe8+
Rxe8 22. fxg7 Re1+ 23. Kh2 Nxd4 24. Rxd4 Rh1+ 25. Kxh1 Qxh3+ 26. Kg1 Qxg2# 0-1

[Event "PRO League Group Stage"]
[Site "chess.com INT"]
[Date "2020.02.13"]
[Round "6"]
[White "Vrolijk, Liam"]
[Black "Hammer, Jon Ludvig"]
[Result "1/2-1/2"]
[WhiteTitle "IM"]
[BlackTitle "GM"]
[WhiteElo "2478"]
[BlackElo "2628"]
[WhiteTeam "Netherlands Mosquitoes"]
[BlackTeam "Norway Gnomes"]
[WhiteFideId "1048333"]
[BlackFideId "1503707"]
[EventDate "2020.01.06"]

1. d4 Nf6 2. c4 e6 3. Nf3 d5 4. g3 Be7 5. Bg2 O-O 6. Nc3 c6 7. O-O Nbd7 8. Qd3
b6 9. e4 Ba6 10. b3 dxc4 11. bxc4 e5 12. d5 Rc8 13. dxc6 Rxc6 14. Nb5 Qb8 15.
Bb2 Re8 16. Qe2 Bf8 17. Rfd1 Nc5 18. Nh4 Na4 19. Nf5 Nxb2 20. Qxb2 Bc5 21. Qe2
g6 22. Ne3 Bxe3 23. Qxe3 Bxb5 24. cxb5 Rd6 25. a4 Rc8 26. Bf3 Kg7 27. Kg2 Rc4
28. Rdc1 Rxc1 29. Qxc1 h6 30. a5 g5 31. h3 Rd4 32. Qc6 Rd6 33. Qc3 Rd4 34. Qc6
Rd6 35. Qc3 Rd4 36. Qc6 1/2-1/2

[Event "PRO League Group Stage"]
[Site "chess.com INT"]
[Date "2020.02.13"]
[Round "6"]
[White "Ducarmon, Quinten"]
[Black "Erigaisi, Arjun"]
[Result "1/2-1/2"]
[WhiteTitle "IM"]
[BlackTitle "GM"]
[WhiteElo "2486"]
[BlackElo "2575"]
[WhiteTeam "Netherlands Mosquitoes"]
[BlackTeam "Norway Gnomes"]
[WhiteFideId "1025007"]
[BlackFideId "35009192"]
[EventDate "2020.01.06"]

1. e4 e6 2. d4 d5 3. Nd2 c5 4. c3 cxd4 5. cxd4 dxe4 6. Nxe4 Bb4+ 7. Nc3 Nc6 8.
Nf3 Nge7 9. Bd3 h6 10. O-O O-O 11. a3 Bxc3 12. bxc3 b6 13. Re1 Bb7 14. c4 Qd6
15. Bb2 Rac8 16. Qe2 Rfd8 17. Rad1 Nb8 18. Ne5 Nd7 19. d5 Nf6 20. Nxf7 Kxf7 21.
Bxf6 Kxf6 22. Qg4 Bxd5 23. cxd5 Qxd5 24. Ba6 Qf5 25. Qh4+ Qg5 26. Qxg5+ hxg5 27.
Bxc8 Rxc8 28. Rd6 Kf7 29. Rdxe6 Ng6 30. g3 Rc5 31. Rd6 Ra5 32. Rd7+ Kf6 33. Re3
Ne5 34. Rd4 Rc5 35. Kg2 g4 36. Rf4+ Kg5 37. h3 gxh3+ 38. Kxh3 Kg6 39. Ra4 a5 40.
Rae4 Nc4 41. Rf3 Kh7 42. Rc3 b5 43. a4 Rh5+ 44. Kg4 Rd5 45. axb5 Ne5+ 46. Kh3
Rxb5 47. Ra3 Nc6 48. f4 Nb4 49. Kg4 Nc2 50. Raa4 Kg6 51. Re5 Rb3 52. Raxa5 Ne3+
53. Kh3 Nd1 54. Rg5+ Kh7 55. Ra7 Nf2+ 56. Kg2 Ne4 57. Rgxg7+ Kh8 58. Rg4 Rb2+
59. Kf3 Nd2+ 60. Ke3 Nf1+ 61. Kd4 Nh2 62. Rh4+ Kg8 63. Rxh2 Rxh2 64. g4 Rh4 65.
Ke5 Rxg4 66. f5 Rb4 67. Kf6 Rb6+ 68. Kg5 Rc6 69. f6 Rc1 70. Kg6 Rg1+ 71. Kf5
Rf1+ 1/2-1/2

[Event "PRO League Group Stage"]
[Site "chess.com INT"]
[Date "2020.02.13"]
[Round "6"]
[White "Hauge, Lars Oskar"]
[Black "Spoelman, Wouter"]
[Result "1-0"]
[WhiteTitle "IM"]
[BlackTitle "GM"]
[WhiteElo "2493"]
[BlackElo "2578"]
[WhiteTeam "Norway Gnomes"]
[BlackTeam "Netherlands Mosquitoes"]
[WhiteFideId "1509276"]
[BlackFideId "1010891"]
[EventDate "2020.01.06"]

1. f4 Nf6 2. Nf3 g6 3. g3 Bg7 4. Bg2 O-O 5. O-O c5 6. d3 Nc6 7. e4 d6 8. Nc3 Rb8
9. h3 b5 10. Be3 b4 11. Ne2 a5 12. g4 Nd7 13. Rb1 e6 14. Rf2 Ba6 15. Ng3 Nd4 16.
g5 Nxf3+ 17. Bxf3 f5 18. h4 fxe4 19. dxe4 Bd4 20. Bxd4 cxd4 21. Bg4 e5 22. f5
Nc5 23. Be2 Bxe2 24. Qxe2 a4 25. Rbf1 Qd7 26. h5 b3 27. hxg6 hxg6 28. Rh2 bxa2
29. Rh6 Rf7 30. Qc4 Rxb2 31. fxg6 d5 32. gxf7+ Qxf7 33. Qxc5 Qxf1+ 34. Nxf1 a1=Q
35. Qc8+ Kf7 36. Qd7+ 1-0

[Event "PRO League Group Stage"]
[Site "chess.com INT"]
[Date "2020.02.13"]
[Round "6"]
[White "Niemann, Hans Moke"]
[Black "Van Wely, Loek"]
[Result "1-0"]
[WhiteTitle "IM"]
[BlackTitle "GM"]
[WhiteElo "2465"]
[BlackElo "2609"]
[WhiteTeam "Norway Gnomes"]
[BlackTeam "Netherlands Mosquitoes"]
[WhiteFideId "2093596"]
[BlackFideId "1000268"]
[EventDate "2020.01.06"]

1. Nf3 Nf6 2. c4 c6 3. e3 d5 4. Nc3 a6 5. d4 b5 6. cxd5 cxd5 7. Bd3 e6 8. O-O
Bb7 9. Ne5 Nbd7 10. f4 Be7 11. Qf3 O-O 12. Qh3 Ne4 13. Nxe4 dxe4 14. Bc2 Rc8 15.
Bb3 Nxe5 16. fxe5 Bd5 17. Qg4 a5 18. Bd2 a4 19. Bd1 a3 20. b3 f5 21. exf6 Rxf6
22. Qe2 Rxf1+ 23. Qxf1 b4 24. Be2 Bg5 25. Rc1 Rc7 26. Bc4 h6 27. g3 Kh7 28. h4
Be7 29. Kg2 Bxc4 30. Rxc4 Bd6 31. Qb1 Rxc4 32. bxc4 Qa8 33. c5 Bc7 34. Bxb4 Kh8
35. Qc2 Qa6 36. Kf2 Qa8 37. Kg2 Qa6 38. Be1 Qb5 39. Bf2 Qb2 40. Qc4 Ba5 41. Qxe6
Be1 42. Qe8+ Kh7 43. Qxe4+ Kh8 44. Qe8+ Kh7 45. Qf7 Qc2 46. h5 Qb2 47. c6 Ba5
48. Qf5+ 1-0

[Event "PRO League Group Stage"]
[Site "chess.com INT"]
[Date "2020.02.13"]
[Round "6"]
[White "Lodici, Lorenzo"]
[Black "Korobov, Anton"]
[Result "0-1"]
[WhiteTitle "IM"]
[BlackTitle "GM"]
[WhiteElo "2477"]
[BlackElo "2685"]
[WhiteTeam "Italy Gladiators"]
[BlackTeam "Germany Bears"]
[WhiteFideId "884189"]
[BlackFideId "14105730"]
[EventDate "2020.01.06"]

1. e4 c5 2. Nc3 d6 3. d4 cxd4 4. Qxd4 Nc6 5. Qd2 Nf6 6. b3 e6 7. Bb2 a6 8. O-O-O
b5 9. Kb1 Qc7 10. f4 b4 11. Na4 Nxe4 12. Qe3 d5 13. Bd3 Qa7 14. Qb6 Bd7 15. Nh3
Rb8 16. Qxa6 Qxa6 17. Bxa6 f5 18. c4 bxc3 19. Nxc3 Bc5 20. Nxe4 fxe4 21. f5 d4
22. Rc1 Rb6 23. Rxc5 Rxa6 24. fxe6 Bxe6 25. Ng5 Bd7 26. Nxe4 O-O 27. a3 Bf5 28.
Re1 Bg6 29. b4 Re8 30. b5 Rxe4 31. Rxe4 Bxe4+ 32. Kc1 Ra5 33. Rxc6 Bxc6 34. bxc6
Rc5+ 35. Kd2 Rxc6 36. Bxd4 Rh6 37. Be5 Rh5 38. Bf4 Ra5 39. Ke3 Rxa3+ 40. Kf2
Ra2+ 41. Kf3 Kf7 42. h3 Ke6 43. Be3 Kf5 44. g4+ Ke5 45. Bf4+ Kd5 46. Bg5 Ra3+
47. Kg2 Ke4 48. Bd8 Rc3 49. Be7 Rd3 50. Bg5 h6 51. Be7 Kf4 52. Bb4 Rg3+ 53. Kh2
Rb3 54. Bf8 Rb2+ 55. Kg1 Kg3 56. Kf1 Rf2+ 0-1

[Event "PRO League Group Stage"]
[Site "chess.com INT"]
[Date "2020.02.13"]
[Round "6"]
[White "Valsecchi, Alessio"]
[Black "Tomczak, Jacek"]
[Result "1/2-1/2"]
[WhiteTitle "GM"]
[BlackTitle "GM"]
[WhiteElo "2512"]
[BlackElo "2603"]
[WhiteTeam "Italy Gladiators"]
[BlackTeam "Germany Bears"]
[WhiteFideId "818860"]
[BlackFideId "1124668"]
[EventDate "2020.01.06"]

1. Nf3 Nf6 2. c4 c5 3. Nc3 d5 4. cxd5 Nxd5 5. e3 e6 6. d4 Nc6 7. Bb5 Qb6 8. Ba4
cxd4 9. exd4 Bb4 10. Bd2 O-O 11. Nxd5 exd5 12. Bxc6 bxc6 13. O-O Bg4 14. Bxb4
Qxb4 15. Qd2 Rfb8 16. Qxb4 Rxb4 17. Ne5 Rxd4 18. f3 Be6 19. Nxc6 Rc4 20. Rac1
Kf8 21. Rxc4 dxc4 22. Rd1 Ke8 23. Rd2 Rc8 24. Nd4 Ke7 25. Nb5 Rc5 26. Nc3 h5 27.
Kf2 h4 28. g3 hxg3+ 29. hxg3 Rh5 30. g4 Rh1 31. Ke3 Rh3 32. Nd5+ Bxd5 33. Rxd5
Rh2 34. Ra5 Rxb2 35. Rxa7+ Ke6 36. Kd4 Rf2 37. Ra6+ Ke7 38. Ra3 c3 39. Rxc3 Rxa2
40. Ke3 1/2-1/2

[Event "PRO League Group Stage"]
[Site "chess.com INT"]
[Date "2020.02.13"]
[Round "6"]
[White "Braun, Arik"]
[Black "Moroni, Luca Jr"]
[Result "1/2-1/2"]
[WhiteTitle "GM"]
[BlackTitle "GM"]
[WhiteElo "2605"]
[BlackElo "2532"]
[WhiteTeam "Germany Bears"]
[BlackTeam "Italy Gladiators"]
[WhiteFideId "4663527"]
[BlackFideId "865834"]
[EventDate "2020.01.06"]

1. d4 Nf6 2. c4 e6 3. Nc3 d5 4. cxd5 exd5 5. Bg5 c6 6. e3 Nbd7 7. Bd3 Be7 8. Qc2
O-O 9. Nf3 h6 10. Bf4 Nh5 11. Bg3 Re8 12. O-O-O Nxg3 13. hxg3 Nf6 14. Kb1 Be6
15. Ne2 Rc8 16. Nf4 Bg4 17. Rc1 Bd6 18. Bf5 Bxf5 19. Qxf5 Qd7 20. Qxd7 Nxd7 21.
Nd3 Nf6 22. Nh4 Ne4 23. Rc2 g6 24. Nf3 Kg7 25. g4 Re7 26. a3 Rh8 27. Nfe5 f6 28.
Nf3 a6 29. Kc1 Ng5 30. Kd2 Nxf3+ 31. gxf3 h5 32. gxh5 Rxh5 33. Rxh5 gxh5 34. Rc1
Re8 35. Ke2 Rh8 36. f4 Kg6 37. Kf3 h4 38. Kg4 h3 39. Rh1 h2 40. Ne1 c5 41. dxc5
Bxc5 42. Nf3 d4 43. exd4 Ba7 44. f5+ Kf7 45. Rxh2 Rxh2 46. Nxh2 Bxd4 47. b3 Bxf2
48. Kf3 Bd4 49. Ke4 Bb2 50. a4 Ke7 51. Kd5 Kd7 52. Nf3 Bc3 53. Nh2 Be5 54. Ng4
Ba1 55. Nf2 Be5 56. Ne4 b6 57. b4 Ba1 58. b5 axb5 59. axb5 Be5 60. Nd2 Bf4 61.
Nc4 Bc7 62. Ne3 Be5 63. Ke4 Bc7 64. Ng4 Bd8 65. Kd5 Be7 66. Nh6 Bf8 67. Ng4 Be7
68. Nf2 Bd6 69. Nd3 Bg3 70. Nb2 Be5 71. Nc4 Bc7 72. Nd2 Bf4 73. Nf3 Be3 74. Nh2
Bc5 75. Ng4 Be7 1/2-1/2

[Event "PRO League Group Stage"]
[Site "chess.com INT"]
[Date "2020.02.13"]
[Round "6"]
[White "Kollars, Dmitrij"]
[Black "Moiseenko, Alexander"]
[Result "1/2-1/2"]
[WhiteTitle "GM"]
[BlackTitle "GM"]
[WhiteElo "2592"]
[BlackElo "2620"]
[WhiteTeam "Germany Bears"]
[BlackTeam "Italy Gladiators"]
[WhiteFideId "12909572"]
[BlackFideId "14102560"]
[EventDate "2020.01.06"]

1. e4 c5 2. Nf3 Nc6 3. Bb5 d6 4. O-O Bd7 5. Re1 Nf6 6. c3 a6 7. Bc4 Bg4 8. d4
Bxf3 9. gxf3 e5 10. dxc5 dxc5 11. Bg5 Be7 12. Qxd8+ Rxd8 13. Na3 b5 14. Bxf6
Bxf6 15. Bd5 Ne7 16. Rad1 Nxd5 17. exd5 Kd7 18. c4 Rb8 19. b3 Rhe8 20. Re4 Bg5
21. Rde1 Bd2 22. R1e2 Bf4 23. Rc2 f5 24. Re1 b4 25. Nb1 Rb6 26. Nd2 Rg6+ 27. Kh1
a5 28. Nf1 Ra6 29. Ng3 g6 30. Ne2 Bh6 31. a4 Kd6 32. Kg2 Ra7 33. Ng3 Rae7 34.
Rce2 Bf4 35. Nf1 Bh6 36. Ne3 Bf4 37. Nd1 g5 38. Nb2 e4 39. fxe4 fxe4 40. h3 h5
41. Nd1 Re5 42. Ne3 Rf8 43. Nf1 Rfe8 44. Ng3 Bxg3 45. Kxg3 R8e7 46. Re3 Re8 47.
f3 exf3 48. Rxe5 Rxe5 49. Rxe5 Kxe5 50. Kxf3 Kf5 51. Ke2 Ke5 52. Kf2 Kf5 53. Kf3
Ke5 54. Ke3 Kf5 55. Kf3 Ke5 56. Ke3 Kf5 57. Kf3 1/2-1/2

[Event "PRO League Group Stage"]
[Site "chess.com INT"]
[Date "2020.02.13"]
[Round "6"]
[White "Vachier-Lagrave, Maxime"]
[Black "Martinez Reyes, Pedro Ramon"]
[Result "1-0"]
[WhiteTitle "GM"]
[BlackTitle "FM"]
[WhiteElo "2770"]
[BlackElo "2407"]
[WhiteTeam "France Roosters"]
[BlackTeam "Spain Raptors"]
[WhiteFideId "623539"]
[BlackFideId "3901807"]
[EventDate "2020.01.06"]

1. e4 e6 2. d4 d5 3. Nd2 h6 4. Bd3 c5 5. dxc5 Bxc5 6. exd5 exd5 7. Nb3 Bd6 8.
Nf3 Nc6 9. O-O Nge7 10. c3 Bg4 11. h3 Bh5 12. g4 Bg6 13. Bxg6 Nxg6 14. Re1+ Be7
15. Nbd4 Nxd4 16. Nxd4 O-O 17. Nf5 Bf6 18. Be3 Nh4 19. Nxh4 Bxh4 20. Bc5 Qc7 21.
Bxf8 Bxf2+ 22. Kxf2 Qh2+ 23. Ke3 d4+ 24. Qxd4 Re8+ 25. Kd3 Rxf8 26. Re2 Qxh3+
27. Kc2 1-0

[Event "PRO League Group Stage"]
[Site "chess.com INT"]
[Date "2020.02.13"]
[Round "6"]
[White "Lagarde, Maxime"]
[Black "Herrera Reyes, Jose Antonio"]
[Result "1-0"]
[WhiteTitle "GM"]
[BlackTitle "FM"]
[WhiteElo "2651"]
[BlackElo "2304"]
[WhiteTeam "France Roosters"]
[BlackTeam "Spain Raptors"]
[WhiteFideId "662399"]
[BlackFideId "2274914"]
[EventDate "2020.01.06"]

1. g3 c5 2. Bg2 e6 3. f4 h5 4. h3 h4 5. g4 Qc7 6. d3 g5 7. e3 Ne7 8. Ne2 gxf4 9.
exf4 Nbc6 10. Nbc3 f5 11. Be3 b6 12. d4 Ba6 13. a4 Bxe2 14. Qxe2 a6 15. d5 Nd4
16. Qd3 Rd8 17. Bxd4 cxd4 18. Qxd4 Ng6 19. gxf5 Qxf4 20. Ne4 e5 21. Qd3 Bb4+ 22.
c3 1-0

[Event "PRO League Group Stage"]
[Site "chess.com INT"]
[Date "2020.02.13"]
[Round "6"]
[White "Forcen Esteban, Daniel"]
[Black "Edouard, Romain"]
[Result "1-0"]
[WhiteTitle "GM"]
[BlackTitle "GM"]
[WhiteElo "2548"]
[BlackElo "2640"]
[WhiteTeam "Spain Raptors"]
[BlackTeam "France Roosters"]
[WhiteFideId "2288230"]
[BlackFideId "633429"]
[EventDate "2020.01.06"]

1. c4 c5 2. Nc3 g6 3. g3 Bg7 4. Bg2 Nc6 5. a3 d6 6. d3 e6 7. h4 h6 8. e4 Nge7 9.
Nge2 Nd4 10. Rb1 b6 11. h5 g5 12. Nxd4 cxd4 13. Ne2 g4 14. f4 gxf3 15. Bxf3 Be5
16. b4 Bb7 17. Bb2 Nf5 18. Kf2 Qg5 19. Rh3 O-O-O 20. Qc1 Qe3+ 21. Qxe3 dxe3+ 22.
Kg2 Bxb2 23. Rxb2 Ne7 24. Nd4 Kd7 25. Re2 a5 26. bxa5 bxa5 27. Rxe3 Rb8 28. Rh1
Bc6 29. Re2 e5 30. Nxc6 Nxc6 31. Rf2 Ke7 32. Bd1 f6 33. Rhf1 Rhf8 34. Ba4 Nd4
35. Kh3 Rf7 36. Rc1 Rg7 37. c5 Rbg8 38. cxd6+ Kxd6 39. Rxf6+ Ke7 40. Rg6 Rxg6
41. hxg6 Rxg6 42. Rc7+ Kf8 43. Bd1 Rb6 44. Ra7 Rb1 45. Bh5 Rh1+ 46. Kg4 Rd1 47.
Rxa5 Rxd3 48. Rxe5 Rxa3 49. Kf4 Ra6 50. Re8+ Kg7 51. Re7+ Kf6 52. Rf7+ Ke6 53.
Rh7 Ra1 54. Rxh6+ Ke7 55. Rh7+ Kf8 56. Ke5 Nc6+ 57. Kd6 Nd4 58. Rf7+ Kg8 59. g4
Ra6+ 60. Kd5 Ne6 61. Rf1 Ng5 62. e5 Ra5+ 63. Kd6 Ra6+ 64. Kd7 Ra7+ 65. Ke8 Ra8+
66. Ke7 Ra6 67. Rf5 Ra7+ 68. Kf6 Nh7+ 69. Ke6 Nf8+ 70. Kd5 Ra5+ 71. Ke4 Kg7 72.
Rf7+ Kg8 73. Rf6 Nd7 74. Rf5 Nf8 75. e6 Ra1 76. Rg5+ Kh7 77. Bf7 Kh6 78. Rg8 Nh7
79. Rg6# 1-0

[Event "PRO League Group Stage"]
[Site "chess.com INT"]
[Date "2020.02.13"]
[Round "6"]
[White "Diaz Camallonga, Carles"]
[Black "Cornette, Matthieu"]
[Result "1/2-1/2"]
[WhiteTitle "IM"]
[BlackTitle "GM"]
[WhiteElo "2474"]
[BlackElo "2555"]
[WhiteTeam "Spain Raptors"]
[BlackTeam "France Roosters"]
[WhiteFideId "22235256"]
[BlackFideId "620084"]
[EventDate "2020.01.06"]

1. e4 c5 2. Nf3 Nc6 3. d4 cxd4 4. Nxd4 Nf6 5. Nc3 e5 6. Ndb5 d6 7. Bg5 a6 8. Na3
Be6 9. Nc4 Rb8 10. Ne3 Be7 11. Bxf6 Bxf6 12. Ncd5 Bg5 13. g3 O-O 14. Bg2 Ne7 15.
O-O Bxe3 16. Nxe3 Qb6 17. Qc1 Rfd8 18. Rd1 Rbc8 19. c3 Qc5 20. Qd2 b5 21. Kh1 a5
22. Rac1 a4 23. a3 Nc6 24. Rf1 Na5 25. Rcd1 Nc4 26. Qc1 Nxe3 27. Qxe3 Qxe3 28.
fxe3 Kf8 29. Rfe1 Ke7 30. Bf1 Rc5 31. Kg2 Bd7 32. Bd3 Bc6 33. Kf2 d5 34. exd5
Rcxd5 35. Bc2 Rd2+ 36. Rxd2 Rxd2+ 37. Re2 Rd6 38. Ke1 g6 39. Rd2 Rf6 40. Rf2 Rd6
41. e4 Rd7 42. Ke2 f6 43. Ke3 Rd6 44. Rf1 1/2-1/2